000 00206 a2200097 4500
001 4781
100 _aBene,G.T
245 _aNuclear physics & atomic energy
260 _a
_bElsvier
_c
090 _c3974
_d3974
942 _aNUST-CAE
_cM
_c30238
999 _c239854
_d239854